New Zealand's Parliamentary Electorates - Statistics

General Stats
  • This quiz has been taken 39 times
  • The average score is 37 of 71
Answer Stats
General Seats % Correct
{Christchurch} Central
97%
{Christchurch} East
97%
{Auckland} Central
93%
{Wellington} Central
93%
{Dunedin} North
80%
{Dunedin} South
80%
{Hamilton} East
80%
{Hamilton} West
80%
Napier
80%
Nelson
80%
{Palmerston} North
77%
Tauranga
73%
Invercargill
70%
New Plymouth
70%
Tamaki
70%
West Coast-Tasman
70%
Whanganui
70%
Clutha-Southland
67%
Hauraki-Waikato
67%
Northland
67%
Taranaki-King Country
67%
Whangarei
67%
Bay of Plenty
63%
Te Tai Tokerau
63%
Kaikoura
60%
Rotorua
60%
Waikato
60%
East Coast
57%
Epsom
53%
Mt Albert
53%
North Shore
53%
Taupo
53%
Mana
50%
Northcote
50%
Tamaki Makaurau
50%
Wairarapa
50%
{Manukau} East
47%
New Lynn
47%
Ohariu
47%
Te Tai Tonga
47%
Botany
43%
Coromandel
43%
Hutt South
43%
Ilam
43%
Mt Roskill
43%
Papakura
43%
Rodney
43%
Helensville
40%
Otaki
40%
East Coast Bays
37%
Hunua
37%
Maungakiekie
37%
Pakuranga
37%
Rangitikei
37%
Rongotai
37%
Selwyn
37%
Mangere
33%
Manurewa
33%
Tukituki
33%
Waimakariri
33%
Wigram
33%
Ikaroa-Rawhiti
30%
Port Hills
30%
Upper Harbour
30%
Waitaki
30%
Kelston
27%
Rangitata
27%
Rimutaka
27%
Te Atatu
27%
Te Tai Hauauru
27%
Waiariki
27%
No matching quizzes found
Score Distribution
Percent of People with Each Score
Percentile by Number Answered
Your Score History
You have not taken this quiz